| 000 | 01404namaa2200337 i 4500 | ||
|---|---|---|---|
| 003 | EG-GICUC | ||
| 005 | 20260411141601.0 | ||
| 008 | 260411s2005 su |||jr|||| 000 0 ara d | ||
| 017 |
_a1426 / 6202 _bمكتبة الملك فهد الوطنية (السعودية) |
||
| 020 | _a9960046052 | ||
| 040 |
_aEG-GiCUC _bara _cEG-GiCUC _dEG-GiCUC _erda |
||
| 082 | 0 | 4 |
_221 _a413.1 _bM9666 |
| 092 | 0 | 4 |
_221 _a413.1 _bM9666 |
| 099 | _a413.1 M9666 2005 | ||
| 100 | 1 |
_aعبد المنعم، محمد نور الدين _eمؤلف. |
|
| 245 | 1 |
_aمعجم الألفاظ العربية فى اللغة الفارسية / _cمحمد نور الدين عبد المنعم . |
|
| 250 | _aالطبعة الاولى | ||
| 264 |
_aالرياض (السعودية) : _bوزارة التعليم العالى، جامعة الإمام محمد بن سعود الإسلامية، عمادة البحث العلمى، _c2005. |
||
| 300 |
_aمجلد 2 ؛ _c24 سم |
||
| 336 |
_2rdacontent _atext |
||
| 337 |
_2rdamedia _aUnmediated |
||
| 338 |
_2rdacarrier _avolume |
||
| 500 | _aالمكتبة تقتنى المجلد الاول فقط. | ||
| 504 | _a. | ||
| 541 |
_aد. جابر عصفور ؛ _bالقاهرة ؛ _cإهداء ؛ _d2024. |
||
| 650 | 1 | 7 |
_aاللغة العربية _vمعاجم _2qrmak |
| 650 | 1 | 7 |
_aاللغة الفارسية _2qrmak |
| 651 | 1 | _2qrmak | |
| 905 | _aAya | ||
| 942 |
_2ddc _cBK _e21 _n0 |
||
| 999 |
_c179390 _d179390 |
||